| 000 | 00501nam a2200145 4500 | ||
|---|---|---|---|
| 008 | 160506b xxu||||| |||| 00| 0 eng d | ||
| 020 | _a9789715505123 | ||
| 082 |
_22006 _aDFil 502 _bG16s |
||
| 100 |
_97648 _aGarcia, Maria Isabel |
||
| 245 |
_aScience solitaire: _bessays on science, nature and becoming human/ _cMaria Isabel Garcia. |
||
| 260 |
_aQuezon City: _bADMU Press, _cc2006. |
||
| 300 |
_aix, 253 pages: _billustrations; _c23 cm. |
||
| 650 | 0 |
_97650 _aScience _xMiscellanea |
|
| 942 |
_2ddc _cDFIL |
||
| 999 |
_c2333 _d2333 |
||